MARC

LEADER 00000nam0a2200000 4500
001 46898
005 20250918134452.0
035 |a (RuTPU)RU\TPU\book\48969 
090 |a 46898 
100 |a 20030129d1979 k y0rusy50 ca 
101 0 |a rus 
102 |a RU 
105 |a a z 001zy 
200 1 |a Реакции серы с органическими соединениями  |f М. Г. Воронков, Н. С. Вязанкин, Э. Н. Дерягина и др.  |g Сибирское отделение АН СССР; Иркутский институт органической химии; Под ред. М. Г. Воронкова 
210 |a Новосибирск  |c Наука  |d 1979 
215 |a 367 с.  |c ил. 
300 |a Авт. указ. на обороте тит. л. 
320 |a Библиогр. в конце глав. 
606 |a Сераорганические соединения  |x Химия  |2 stltpush  |3 (RuTPU)RU\TPU\subj\75821  |9 87404 
610 1 |a сера 
610 1 |a реакции 
610 1 |a свойства 
610 1 |a строение 
610 1 |a получение 
610 1 |a азотсодержащие соединения 
675 |a 547.1-305  |v 3 
701 1 |a Воронков  |b М. Г.  |g Михаил Григорьевич 
701 1 |a Вязанкин  |b Н. С.  |g Николай Сергеевич 
701 1 |a Дерягина  |b Э. Н.  |g Элеонора Николаевна 
701 1 |a Нахманович  |b А. С.  |g Анатолий Самуилович 
701 1 |a Усов  |b В. А.  |g Владимир Ананьевич 
702 1 |a Воронков  |b М. Г.  |g Михаил Григорьевич  |4 340 
712 0 2 |a Сибирское отделение АН СССР  |2 stltpush  |3 (RuTPU)RU\TPU\col\288 
712 0 2 |a Иркутский институт органической химии 
801 1 |a RU  |b 63413507  |c 20030129  |g PSBO 
801 2 |a RU  |b 63413507  |c 20161219  |g PSBO 
942 |c BK